| 000 | 00667nam a22001817a 4500 | ||
|---|---|---|---|
| 005 | 20251108174625.0 | ||
| 008 | 250721s2007 xx 000 0 ara d | ||
| 082 | 1 | 4 | _a670/صنا |
| 100 | 1 |
_aهارتلي، جون _eمحرر |
|
| 245 | 1 | 0 | _aالصناعات الإبداعية : كيف تنتج الثقافة في عالم التكنولوجيا و العولمة؟ / |
| 264 | 1 |
_aالصفاة : _bالمجلس الوطني للثقافة و الفنون، _c2007. |
|
| 300 | _aج.1. | ||
| 490 | 0 |
_aعالم المعرفة _v338 |
|
| 650 | 1 | 7 | _aالصناعات |
| 700 | 1 |
_aالرفاعي، بدر السيد _eمترجم |
|
| 942 |
_2ddc _cBK |
||
| 999 |
_c113856 _d113856 |
||